<?xml version="1.0" encoding="UTF-8"?><marc:collection xmlns:marc="http://www.loc.gov/MARC21/slim">
  <marc:record>
    <marc:leader>00000nam##2200000za#4500</marc:leader>
    <marc:controlfield tag="001">9.623734</marc:controlfield>
    <marc:controlfield tag="003">CaOODSP</marc:controlfield>
    <marc:controlfield tag="005">20200327175040</marc:controlfield>
    <marc:controlfield tag="007">ta</marc:controlfield>
    <marc:controlfield tag="008">150406|1995||||xxc|||||     f|0| 0 fre|d</marc:controlfield>
    <marc:datafield tag="020" ind1=" " ind2=" ">
      <marc:subfield code="a">0-662-80853-3</marc:subfield>
    </marc:datafield>
    <marc:datafield tag="040" ind1=" " ind2=" ">
      <marc:subfield code="a">CaOODSP</marc:subfield>
      <marc:subfield code="b">fre</marc:subfield>
    </marc:datafield>
    <marc:datafield tag="043" ind1=" " ind2=" ">
      <marc:subfield code="a">n-cn---</marc:subfield>
    </marc:datafield>
    <marc:datafield tag="086" ind1="1" ind2=" ">
      <marc:subfield code="a">LU2-153/205-1995F</marc:subfield>
    </marc:datafield>
    <marc:datafield tag="110" ind1="1" ind2=" ">
      <marc:subfield code="a">Canada.</marc:subfield>
      <marc:subfield code="b">Développement des ressources humaines Canada. </marc:subfield>
      <marc:subfield code="b">Assurance-chômage.</marc:subfield>
    </marc:datafield>
    <marc:datafield tag="245" ind1="1" ind2="0">
      <marc:subfield code="a">Les mouvements dans l'emploi et l'assurance-chômage</marc:subfield>
      <marc:subfield code="c">par L. N. Christofides et C. J. McKenna. </marc:subfield>
    </marc:datafield>
    <marc:datafield tag="260" ind1=" " ind2=" ">
      <marc:subfield code="a">Ottawa - Ontario : </marc:subfield>
      <marc:subfield code="b">Développement des ressources humaines Canada. </marc:subfield>
      <marc:subfield code="c">1995.</marc:subfield>
    </marc:datafield>
    <marc:datafield tag="300" ind1=" " ind2=" ">
      <marc:subfield code="a">118p. : </marc:subfield>
      <marc:subfield code="b">graphiques, références, tableaux ; </marc:subfield>
      <marc:subfield code="c">30 cm.</marc:subfield>
    </marc:datafield>
    <marc:datafield tag="490" ind1="1" ind2=" ">
      <marc:subfield code="a">Série d'évaluations de l'assurance-chômage</marc:subfield>
    </marc:datafield>
    <marc:datafield tag="500" ind1=" " ind2=" ">
      <marc:subfield code="a">«Dans la présente étude, nous examinons les profils de la durée des périodes d'emploi d'une province à l'autre et sur deux périodes de référence de l'Enquête sur l'activité. Nous examinons le genre de périodes d'emploi observées dans l'enquête ainsi que la durée des nouveaux emplois, le stock d'emplois résultant et la relation entre la durée d'emploi et diverses caractéristiques des emplois et des personnes qui les occupent. Nous analysons aussi les liens possibles entre la durée d'emploi et les diverses situations vis-à-vis du marché du travail auxquelles il est possible d'aboutir, d'une part, et, d'autre part, le cadre de réglementation en vigueur.»--Introduction.</marc:subfield>
    </marc:datafield>
    <marc:datafield tag="520" ind1="3" ind2=" ">
      <marc:subfield code="a">Dans la présente étude, nous examinons les profils de la durée des périodes d'emploi d'une province à l'autre et sur deux périodes de référence de l'Enquête sur l'activité. Nous examinons le genre de périodes d'emploi observées dans l'enquête ainsi que la durée des nouveaux emplois, le stock d'emplois résultant et la relation entre la durée d'emploi et diverses caractéristiques des emplois et des personnes qui les occupent. Nous analysons aussi les liens possibles entre la durée d'emploi et les diverses situations vis-à-vis du marché du travail auxquelles il est possible d'aboutir, d'une part, et, d'autre part, le cadre de réglementation en vigueur.--Introduction</marc:subfield>
    </marc:datafield>
    <marc:datafield tag="563" ind1=" " ind2=" ">
      <marc:subfield code="a">Couverture souple</marc:subfield>
    </marc:datafield>
    <marc:datafield tag="590" ind1=" " ind2=" ">
      <marc:subfield code="a">96-06</marc:subfield>
      <marc:subfield code="b">1996-02-09</marc:subfield>
    </marc:datafield>
    <marc:datafield tag="691" ind1="0" ind2="7">
      <marc:subfield code="a">Assurance-emploi</marc:subfield>
      <marc:subfield code="2">gcpds</marc:subfield>
    </marc:datafield>
    <marc:datafield tag="720" ind1="1" ind2=" ">
      <marc:subfield code="a">Christofides, L. N.</marc:subfield>
    </marc:datafield>
    <marc:datafield tag="720" ind1="1" ind2=" ">
      <marc:subfield code="a">McKenna, C. J.</marc:subfield>
    </marc:datafield>
    <marc:datafield tag="776" ind1="0" ind2="#">
      <marc:subfield code="t">Les mouvements dans l'emploi et l'assurance-chômage / </marc:subfield>
      <marc:subfield code="w">(CaOODSP)9.606558</marc:subfield>
    </marc:datafield>
    <marc:datafield tag="830" ind1="#" ind2="0">
      <marc:subfield code="a">Série d'évaluations de l'assurance-chômage.</marc:subfield>
      <marc:subfield code="w">(CaOODSP)9.513113</marc:subfield>
    </marc:datafield>
    <marc:datafield tag="986" ind1=" " ind2=" ">
      <marc:subfield code="a">IN-AH-205F-05-95</marc:subfield>
    </marc:datafield>
  </marc:record>
</marc:collection>
